01157nam a2200241 a 4500001000900000005001700009008004100026020001800067040002000085050002400105100001700129245015900146260004600305300003600351500026600387500003400653504003100687600005000718650005300768650005500821700001900876700002000895BRCA_64420190320203107.0070116s2007 caua---##b---#001-0#eng-# a9780892368891 aDLCcDLCdBAKER 4aND1382.4b.M67 20071 aMorton, Mary10aOudry´s Painted MenageriebPortraits of Exotic Animals in Eighteenth-Century Europecedited by Mary Morton ; with essays by Colin B. Bailey ... [et al.]. aLos ÁngelesbJ. Paul Getty Museumc2007 axv, 151 p.bil. a colorc28 cm. aCatálogo de la exposición organizada por The J. Paul Getty Museum, The Staatliches Museum (Schwerin, Germany) y realizada en The Getty Museum (Los Angeles), 1 mayo - 2 septiembre, 2007 y en The Museum of Fine Arts (Houston), 7 octubre, 2007 - 6 enero, 2008 aIncluye índice alfabético aBibliografía: p. 146-14714aOudry, Jean-Baptisted1686-1755vExposiciones14aArte en la vida silvestrevExposicioneszFrancia14aArtevExposicionesxColecciones privadaszAlemania1 aMorton, Mary G1 aBailey, Colin B